000 00739nam a2200265Ia 4500
003 OSt
005 20221007111015.0
006 a|||||r|||| 00| 0
007 ta
008 221006b |||||||| |||| 00| 0 eng d
020 _a851202187
024 _a22,370
037 _cTextual
040 _aLCO
_cLCO
_beng
041 _2eng
_aeng
082 _aX7243:53:(Z), L4
100 _aRoblot R.
_9708207
245 0 _aFrench Business Taxation
260 _aLondon
_bOyez Publishing Limited U.K.
_c1974
300 _a278
650 _aFRENCH TAXATION
_9708208
700 _a Pennington Robert R. Ed.
_9708209
942 _hX7243:53:(Z), L4
_cTEXL
999 _c1191933
_d1191933